[Event "Deutscher Jugend Online Cup 2020"]
[Site "Tornelo"]
[Date "2020.11.14"]
[Round "2.1"]
[White "Arnold, Rubina"]
[Black "Haug, Mara"]
[Result "0-1"]
[WhiteElo "1414"]
[BlackElo "1356"]
[Annotator "NA"]
[PlyCount "112"]
[EventDate "2020.11.13"]
[EventType "k.o."]
[SourceTitle "playchess.com"]
[Source "ChessBase"]
[SourceQuality "1"]
[TimeControl "600+3"]

1. e4 {[%emt 0:00:00]} c5 {[%emt 0:00:08]} 2. Nf3 {[%emt 0:00:05]} Nc6 {[%emt 0:00:04]} 3. c3 {[%emt 0:00:03]} d5 {[%emt 0:00:03]} 4. d3 {[%emt 0:00:38]} Nf6 {[%emt 0:00:22]} 5. Nbd2 {[%emt 0:00:08]} Nd7 {[%emt 0:00:06]} 6. g3 {[%emt 0:00:09]} Nb6 {[%emt 0:00:04]} 7. Bg2 {[%emt 0:00:05]} Bg4 {[%emt 0:00:04]} 8. O-O {[%emt 0:00:10]} Qd7 {[%emt 0:00:14]} 9. h3 {[%emt 0:00:15]} Bxh3 {[%emt 0:00:10]} 10. Bxh3 {[%emt 0:00:04]} Qxh3 {[%emt 0:00:06]} 11. Nh2 {[%emt 0:00:03]} Qd7 {[%emt 0:00:08]} 12. Qg4 {[%emt 0:00:15]} Qxg4 {[%emt 0:00:12]} 13. Nxg4 {[%emt 0:00:06]} h5 {[%emt 0:00:14]} 14. Nh2 {[%emt 0:00:14]} e6 {[%emt 0:00:17]} 15. f4 {[%emt 0:00:12]} h4 {[%emt 0:00:05]} 16. g4 {[%emt 0:00:07]} Bd6 {[%emt 0:00:05]} 17. e5 {[%emt 0:00:12]} Bc7 {[%emt 0:00:06]} 18. Ndf3 {[%emt 0:00:06]} Nd7 {[%emt 0:00:19]} 19. Be3 {[%emt 0:00:18]} f6 {[%emt 0:00:29]} 20. d4 {[%emt 0:00:10]} cxd4 {[%emt 0:00:04]} 21. cxd4 {[%emt 0:00:05]} Bb6 {[%emt 0:01:11]} 22. a3 {[%emt 0:00:50]} fxe5 {[%emt 0:01:19]} 23. fxe5 {[%emt 0:00:20]} Ndxe5 {[%emt 0:00:08]} 24. Nxe5 {[%emt 0:00:12]} Nxe5 {[%emt 0:00:03]} 25. b4 {[%emt 0:01:12]} Nc4 {[%emt 0:00:14]} 26. Bf2 {[%emt 0:00:17]} Rf8 {[%emt 0:00:40]} 27. Kg2 {[%emt 0:00:23]} Rf4 {[%emt 0:00:16]} 28. Nf3 {[%emt 0:00:27]} h3+ {[%emt 0:00:19]} 29. Kg3 {[%emt 0:00:10]} Rf6 {[%emt 0:00:04]} 30. Ng5 {[%emt 0:00:16]} O-O-O {[%emt 0:00:27]} 31. Bg1 {[%emt 0:00:38]} Bc7+ {[%emt 0:00:21]} 32. Kxh3 {[%emt 0:00:13]} Rh8+ {[%emt 0:00:15]} 33. Kg2 {[%emt 0:00:03]} Rfh6 {[%emt 0:00:40]} 34. Nf7 {[%emt 0:00:19]} Rh2+ {[%emt 0:01:45]} 35. Bxh2 {[%emt 0:00:07]} Ne3+ {[%emt 0:00:03]} 36. Kg1 {[%emt 0:00:22]} Bxh2+ {[%emt 0:00:03]} 37. Kf2 {[%emt 0:00:09]} Nxf1 {[%emt 0:00:15]} 38. Nxh8 {[%emt 0:00:04]} Nd2 {[%emt 0:00:03]} 39. Rc1+ {[%emt 0:00:16]} Kd7 {[%emt 0:00:07]} 40. Nf7 {[%emt 0:00:22]} Ne4+ {[%emt 0:00:06]} 41. Kf3 {[%emt 0:00:11]} Nd2+ {[%emt 0:00:09]} 42. Kg2 {[%emt 0:00:05]} Bf4 {[%emt 0:00:02]} 43. Ne5+ {[%emt 0:00:19]} Kd6 {[%emt 0:00:11]} 44. Re1 {[%emt 0:00:14]} Bxe5 {[%emt 0:00:04]} 45. dxe5+ {[%emt 0:00:03]} Ke7 {[%emt 0:00:01]} 46. g5 {[%emt 0:00:28]} Nc4 {[%emt 0:00:03]} 47. a4 {[%emt 0:00:06]} Nb2 {[%emt 0:00:03]} 48. a5 {[%emt 0:00:11]} Nc4 {[%emt 0:00:02]} 49. g6 {[%emt 0:00:05]} Nb2 {[%emt 0:00:01]} 50. Rf1 {[%emt 0:00:08]} Nd3 {[%emt 0:00:04]} 51. Rf7+ {[%emt 0:00:04]} Kd8 {[%emt 0:00:02]} 52. Rxb7 {[%emt 0:00:04]} Nxe5 {[%emt 0:00:02]} 53. Rxg7 {[%emt 0:00:05]} Ke8 {[%emt 0:00:04]} 54. Rg8+ {[%emt 0:00:12]} Ke7 {[%emt 0:00:02]} 55. b5 {[%emt 0:00:11]} Kf6 {[%emt 0:00:04]} 56. g7 {[%emt 0:00:12]} d4 {[%emt 0:00:04]} 0-1

[Event "Deutscher Jugend Online Cup 2020"]
[Site "Tornelo"]
[Date "2020.11.14"]
[Round "2.1"]
[White "B___, L___"]
[Black "Hoffmann, Svenja"]
[Result "1-0"]
[WhiteElo "1348"]
[BlackElo "1307"]
[Annotator "NA RC"]
[PlyCount "109"]
[EventDate "2020.11.13"]
[EventType "k.o."]
[SourceTitle "playchess.com"]
[Source "ChessBase"]
[SourceQuality "1"]
[TimeControl "600+3"]

1. e4 {[%emt 0:00:00]} e5 {[%emt 0:00:04]} 2. Nf3 {[%emt 0:00:05]} Nc6 {[%emt 0:00:02]} 3. Bb5 {[%emt 0:00:12]} a6 {[%emt 0:00:04]} 4. Ba4 {[%emt 0:00:02]} b5 {[%emt 0:00:02]} 5. Bb3 {[%emt 0:00:02]} Na5 {[%emt 0:00:03]} 6. Nxe5 {[%emt 0:00:42]} Qg5 {[%emt 0:00:22]} 7. Nxf7 {[%emt 0:00:29]} Qxg2 {[%emt 0:00:03]} 8. Rf1 {[%emt 0:00:32]} Qxe4+ {[%emt 0:00:18]} 9. Qe2 {[%emt 0:00:04]} Qxe2+ {[%emt 0:00:05]} 10. Kxe2 {[%emt 0:00:02]} d6 {[%emt 0:00:24]} 11. Nxh8 {[%emt 0:00:04]} Bg4+ {[%emt 0:00:03]} 12. f3 {[%emt 0:00:03]} Bf5 {[%emt 0:00:05]} 13. Nc3 {[%emt 0:00:15]} Nf6 {[%emt 0:00:08]} 14. d3 {[%emt 0:00:10]} c5 {[%emt 0:00:12]} 15. a4 {[%emt 0:00:21]} Nxb3 {[%emt 0:00:14]} 16. cxb3 {[%emt 0:00:02]} b4 {[%emt 0:00:03]} 17. Ne4 {[%emt 0:00:06]} Nd5 {[%emt 0:00:10]} 18. Bg5 {[%emt 0:00:14]} h6 {[%emt 0:00:06]} 19. Bh4 {[%emt 0:00:15]} g5 {[%emt 0:00:04]} 20. Bg3 {[%emt 0:00:02]} Nf4+ {[%emt 0:00:16]} 21. Bxf4 {[%emt 0:00:17]} gxf4 {[%emt 0:00:03]} 22. Rg1 {[%emt 0:00:06]} Kd7 {[%emt 0:00:32]} 23. Nf7 {[%emt 0:00:14]} Re8 {[%emt 0:00:08]} 24. Kd2 {[%emt 0:00:11]} Bxe4 {[%emt 0:00:08]} 25. dxe4 {[%emt 0:00:05]} Re7 {[%emt 0:00:17]} 26. Nh8 {[%emt 0:00:07]} Bg7 {[%emt 0:00:27]} 27. Ng6 {[%emt 0:00:03]} Rf7 {[%emt 0:00:05]} 28. Rg4 {[%emt 0:00:05]} Bxb2 {[%emt 0:00:05]} 29. Ra2 {[%emt 0:00:07]} Bc3+ {[%emt 0:00:02]} 30. Ke2 {[%emt 0:00:05]} Ke6 {[%emt 0:00:47]} 31. Nxf4+ {[%emt 0:00:07]} Ke5 {[%emt 0:00:05]} 32. Nd5 {[%emt 0:00:09]} Kd4 {[%emt 0:00:37]} 33. Rc2 {[%emt 0:00:14]} h5 {[%emt 0:00:21]} 34. Rh4 {[%emt 0:00:05]} Rg7 {[%emt 0:00:12]} 35. Rxh5 {[%emt 0:00:12]} Rg2+ {[%emt 0:00:05]} 36. Kd1 {[%emt 0:00:03]} Rg1+ {[%emt 0:00:40]} 37. Ke2 {[%emt 0:00:25]} Re1+ {[%emt 0:00:03]} 38. Kf2 {[%emt 0:00:07]} Rd1 {[%emt 0:00:46]} 39. Ke2 {[%emt 0:00:29]} Rg1 {[%emt 0:00:12]} 40. Kf2 {[%emt 0:00:05]} Rd1 {[%emt 0:00:25]} 41. h4 {[%emt 0:00:15]} Kd3 {[%emt 0:00:15]} 42. Re2 {[%emt 0:00:18]} c4 {[%emt 0:00:29]} 43. bxc4 {[%emt 0:00:09]} b3 {[%emt 0:00:14]} 44. Re3+ {[%emt 0:00:13]} Kd2 {[%emt 0:00:03]} 45. Nxc3 {[%emt 0:00:07]} b2 {[%emt 0:00:05]} 46. Rd5+ {[%emt 0:00:29]} Kc2 {[%emt 0:00:16]} 47. Rxd1 {[%emt 0:00:04]} Kb3 {[%emt 0:00:17]} 48. h5 {[%emt 0:00:13]} Kxc4 {[%emt 0:00:07]} 49. h6 {[%emt 0:00:04]} Kb3 {[%emt 0:00:03]} 50. h7 {[%emt 0:00:03]} Kc2 {[%emt 0:00:07]} 51. h8=Q {[%emt 0:00:04]} a5 {[%emt 0:00:07]} 52. Qb8 {[%emt 0:00:08]} d5 {[%emt 0:00:30]} 53. Re2+ {[%emt 0:00:08]} Kxc3 {[%emt 0:00:03]} 54. Qxb2+ {[%emt 0:00:03]} Kc4 {[%emt 0:00:03]} 55. Rc2# {[%emt 0:00:02]} 1-0

[Event "Deutscher Jugend Online Cup 2020"]
[Site "Tornelo"]
[Date "2020.11.14"]
[Round "2.2"]
[White "Haack, Kevin"]
[Black "Bakiev, Diyor"]
[Result "1/2-1/2"]
[WhiteElo "2076"]
[BlackElo "2119"]
[Annotator "TA"]
[PlyCount "114"]
[EventDate "2020.11.13"]
[EventType "k.o."]
[SourceTitle "playchess.com"]
[Source "ChessBase"]
[SourceQuality "1"]

{[%evp 12,114,81,81,81,81,80,70,81,78,96,81,78,78,88,87,113,60,83,73,85,67,55,63,145,137,150,95,160,154,153,153,156,152,176,146,157,0,172,144,143,121,221,201,246,232,243,258,314,334,408,350,392,329,493,283,277,277,318,221,218,204,254,251,259,258,304,0,169,149,150,150,125,143,143,84,118,101,148,167,164,98,106,0,152,152,153,0,77,67,205,186,256,262,213,0,0,0,0,0,0,0,0,0,0]} 1. c4 e5 2. Nc3 Nf6 3. Nf3 Nc6 4. e4 Bc5 5. Nxe5 Nxe5 6. d4 Bxd4 7. Qxd4 d6 {A28: English Opening: Four Knights Variation.} 8. Be2 O-O 9. O-O Nc6 {White is slightly better.} 10. Qd1 h6 11. Be3 Re8 12. f3 Be6 13. Qd2 {[#]} Nd7 $146 ({Predecessor:} 13... a6 14. b3 Qe7 15. Rfe1 Rad8 16. Nd5 Bxd5 17. cxd5 Ne5 18. Rac1 Rd7 19. Rc2 Ng6 {1-0 (57) Pupols,V (2218)-McLaren,S (1975) Seattle 2008}) 14. Rfd1 (14. f4 $16) 14... a5 15. Rac1 Nc5 16. Nd5 b6 17. b3 Bxd5 (17... f5 $14) 18. cxd5 $16 Ne5 19. Bd4 (19. Bb5 $142) 19... Qe7 (19... Qd7 $142) 20. Bb5 Rf8 21. Re1 Qg5 22. Qc3 Ng6 23. Be3 (23. Bxc5 $6 bxc5 24. g3 Rfb8 $14) (23. Bxg7 Nh4 $16) 23... Qe5 24. Bd4 Qg5 25. Kh1 (25. Bxc5 $6 bxc5 26. g3 Rab8 $14) (25. Bxg7 Nh4 $16) 25... f6 26. a3 Rf7 (26... a4 $16) 27. b4 $18 (27. Bxc5 bxc5 28. g3 Qh5 $16) 27... axb4 28. axb4 Nb7 29. Ra1 Rb8 30. Ra7 f5 31. Ba6 Nd8 32. Rxc7 fxe4 (32... Ra8 $142 33. Bf1 Rxc7 34. Qxc7 {[%mdl 64] Double Attack} Nf7 35. exf5 (35. Bxb6 Qd2 $18) 35... Qxf5) 33. Rxf7 (33. Rxe4 $142 {Strongly threatening Re8+.} Ne5 34. Bxe5 dxe5 35. d6) 33... Nxf7 34. Rxe4 Nf4 {[%csl Gf4][%cal Rg5g2]} 35. Qd2 Nxd5 36. f4 $1 {[%cal Rf4g5]} Qd8 {[#]} 37. Bxg7 $1 {[%mdl 512]} Kxg7 38. Qxd5 Qf6 {( -> ...Qa1+)} 39. Qd4 $2 (39. Kg1 $18) 39... Rd8 $2 (39... b5 $11 {and Black stays safe.} 40. g4 d5 41. Qxf6+ Kxf6) 40. h3 d5 41. Qxf6+ Kxf6 $16 {[%mdl 4096] Endgame KRB-KRN} 42. Re1 Nd6 43. Rd1 (43. Bd3 $142) 43... Nf5 44. Kg1 d4 45. Kf2 Ne3 46. Rd3 ({White should play} 46. Rd2 $1 $18) 46... Nc2 47. b5 (47. Bc4 $16) 47... Nb4 $2 (47... Kf5 $1 $11) 48. Rd2 $1 d3 {[#]} 49. Ke3 $2 (49. Bb7 $1 $16) 49... Re8+ (49... Nd5+ $11 {keeps the balance.} 50. Kf3 (50. Kxd3 Nxf4+ 51. Ke3 Rxd2 $11) 50... Nc3) 50. Kf3 Rd8 {[#]} (50... Rb8 $14) 51. Bb7 $1 $18 Rd7 (51... Nc2 $142 52. Be4 Nd4+ 53. Ke3 Nxb5 54. Rxd3 (54. Bxd3 Re8+ 55. Kf2 Nc3 $16) 54... Nd6) 52. Be4 Rd4 53. Ke3 $2 ({White should try} 53. g4 $18) 53... Nc2+ $1 $11 {The position is equal.} 54. Kf3 Ne1+ 55. Ke3 {[%mdl 64] Double Attack} Nc2+ $1 56. Kf3 Ne1+ 57. Ke3 {[%mdl 64] Double Attack} Nc2+ $1 {Weighted Error Value: White=0.38/Black=0.42} 1/2-1/2

[Event "Deutscher Jugend Online Cup 2020"]
[Site "Tornelo"]
[Date "2020.11.14"]
[Round "2.2"]
[White "Kempe, Caius Emilian"]
[Black "Hagner, Bennet"]
[Result "1-0"]
[WhiteElo "1865"]
[BlackElo "2084"]
[Annotator "TA"]
[PlyCount "67"]
[EventDate "2020.11.13"]
[EventType "k.o."]
[SourceTitle "playchess.com"]
[Source "ChessBase"]
[SourceQuality "1"]

{[%evp 15,66,11,18,17,37,41,49,31,60,20,26,18,39,40,20,10,7,20,51,0,0,0,0,0,0,0,0,-29,0,0,42,0,0,0,0,-64,0,0,2,0,0,-4,29996,29997,29997,29997,29997,29974,29985,29986,29986,29987,29999]} 1. d4 d5 2. c4 c6 3. Nc3 Nf6 4. Nf3 e6 5. cxd5 exd5 6. Bg5 Be7 7. Qc2 O-O 8. e3 Bg4 9. Ne5 {D36: Queen's Gambit Declined: Exchange Variation: Main line (5 Bg5 c6 6 Qc2).} Bh5 10. Bd3 Bg6 11. Bxg6 {White is slightly better.} hxg6 12. O-O Nbd7 13. f4 {[#]} Nh7 $146 ({Predecessor:} 13... Bb4 14. f5 gxf5 15. Nxd7 Qxd7 16. Bxf6 gxf6 17. Rxf5 Rfe8 18. Rh5 Bxc3 19. bxc3 Qg4 20. Qh7+ Kf8 21. Rf1 Qg6 22. Qxg6 fxg6 23. Rh7 Rxe3 24. Rh8+ {1-0 (24) Ram,S (2343)-Akshat,A (1847) New Delhi 2008}) 14. Bxe7 Qxe7 15. e4 dxe4 16. Nxe4 g5 17. Nxd7 ({Better is} 17. Ng3 $14) 17... Qxd7 $11 18. Rad1 Qd5 19. Nc3 Qd6 20. d5 gxf4 21. Ne4 {[%cal Bc3e4,Be4d6,Bd6f5][%mdl 32]} Qg6 {Hoping for ...Ng5.} 22. Rxf4 Rae8 {White must now prevent ...Ng5.} 23. Qd3 cxd5 24. Qxd5 Qb6+ 25. Kh1 (25. Qc5 $1 $11) 25... Rd8 (25... Qxb2 $15 26. Qc4 b5) 26. Nd6 {[%cal Rf4f7][%mdl 64] Double Attack} Nf6 27. Rxf6 gxf6 28. Rd3 $40 {[%mdl 128] [#] Intending Rg3+ and mate. Black needs to defend precisely.} f5 $2 {[%mdl 8192] This move loses the game for Black.} ({Stronger than} 28... Qxb2 29. Rg3+ Kh8 30. Qh5#) (28... Qxd6 $1 $11 {[%mdl 512]} 29. Qxd6 Rxd6 30. Rxd6 Rc8) 29. Rg3+ {White mates.} Kh8 30. Rh3+ Kg7 31. Nxf5+ Kf6 32. Rh6+ {[%mdl 64] [#] Skewer} Kg5 33. h4+ Kg4 34. Qf3# {Weighted Error Value: White=0.15/Black=0.33} 1-0

[Event "Deutscher Jugend Online Cup 2020"]
[Site "Tornelo"]
[Date "2020.11.14"]
[Round "2.2"]
[White "Sereda, Yaroslava"]
[Black "Bildat, Emilia"]
[Result "0-1"]
[WhiteElo "1750"]
[BlackElo "1852"]
[Annotator "NA RC"]
[PlyCount "84"]
[EventDate "2020.11.13"]
[EventType "k.o."]
[SourceTitle "playchess.com"]
[Source "ChessBase"]
[SourceQuality "1"]
[TimeControl "600+3"]

1. e4 {[%emt 0:00:00]} c5 {[%emt 0:00:05]} 2. Nf3 {[%emt 0:00:05]} g6 {[%emt 0:00:03]} 3. d4 {[%emt 0:00:08]} cxd4 {[%emt 0:00:02]} 4. Nxd4 {[%emt 0:00:03]} Bg7 {[%emt 0:00:02]} 5. Be3 {[%emt 0:00:07]} Nc6 {[%emt 0:00:02]} 6. Nc3 {[%emt 0:00:06]} Nf6 {[%emt 0:00:03]} 7. Bc4 {[%emt 0:00:08]} Qa5 {[%emt 0:00:13]} 8. O-O {[%emt 0:00:05]} O-O {[%emt 0:00:31]} 9. Nb3 {[%emt 0:00:06]} Qd8 {[%emt 0:00:44]} 10. f4 {[%emt 0:00:17]} d6 {[%emt 0:00:04]} 11. Be2 {[%emt 0:01:45]} Bd7 {[%emt 0:00:28]} 12. g4 {[%emt 0:00:26]} Rc8 {[%emt 0:00:28]} 13. g5 {[%emt 0:00:10]} Ne8 {[%emt 0:00:14]} 14. f5 {[%emt 0:00:54]} f6 {[%emt 0:01:00]} (14... Bxc3 $15 15. bxc3 Ng7) 15. Bc4+ {[%emt 0:01:06]} Kh8 {[%emt 0:00:04]} 16. fxg6 {[%emt 0:00:28]} hxg6 {[%emt 0:00:11]} 17. Qe1 {[%emt 0:00:25]} e6 {[%emt 0:00:52]} 18. Qh4+ {[%emt 0:00:08]} Kg8 {[%emt 0:00:02]} 19. gxf6 {[%emt 0:00:21]} Bxf6 {[%emt 0:00:19]} 20. Qg4 {[%emt 0:00:48]} Ne5 {[%emt 0:00:15]} 21. Bxe6+ {[%emt 0:00:05]} Kg7 {[%emt 0:00:24]} 22. Qh3 $1 {[%emt 0:00:54]} Rh8 {[%emt 0:00:06]} 23. Bxd7 {[%emt 0:00:19]} Rxh3 {[%emt 0:00:13]} 24. Bxh3 {[%emt 0:00:03]} Rc7 {[%emt 0:00:13]} 25. Nd4 {[%emt 0:00:03]} Re7 {[%emt 0:00:41]} 26. Nd5 {[%emt 0:00:07]} Kh8 $2 {[%emt 0:00:19]} (26... Nc4 $16 {is more resistant.} 27. Nxe7 Qxe7 28. Ne6+ {[%mdl 64] Discovered Attack} Kg8) 27. Nxe7 $2 {[%emt 0:00:19]} ({Worse is} 27. Rxf6 Nxf6 28. Nxf6 Nc4 $11) (27. Nxf6 $18 Nxf6 28. Rxf6) 27... Qxe7 {[%emt 0:00:04]} 28. b3 {[%emt 0:00:59]} Qh7 {[%emt 0:00:24]} (28... Ng4 $1 $11 {keeps the balance.} 29. Bxg4 Qxe4 {[%mdl 64] Double Attack}) 29. Bg2 {[%emt 0:00:17]} Ng4 {[%emt 0:00:11]} 30. Nf3 {[%emt 0:00:24]} Nxe3 {[%emt 0:00:13]} 31. Rfe1 {[%emt 0:00:03]} Nxc2 {[%emt 0:00:13]} 32. Rac1 {[%emt 0:00:09]} Nxe1 {[%emt 0:00:02]} 33. Rxe1 {[%emt 0:00:03]} Qc7 {[%emt 0:00:29]} 34. Rd1 {[%emt 0:00:13]} Qc2 {[%emt 0:00:13]} 35. Rd2 $19 {[%emt 0:00:04]} Qc1+ {[%emt 0:00:07]} 36. Kf2 {[%emt 0:00:05]} Qc5+ {[%emt 0:00:05]} 37. Kf1 {[%emt 0:00:03]} Qc1+ {[%emt 0:00:05]} 38. Ke2 {[%emt 0:00:02]} Qc5 {[%emt 0:00:15]} 39. h3 {[%emt 0:00:04]} Ng7 {[%emt 0:00:11]} 40. Bh1 {[%emt 0:00:05]} Ne6 {[%emt 0:00:06]} 41. Rd1 {[%emt 0:00:02]} Nf4+ {[%emt 0:00:04]} 42. Kd2 {[%emt 0:00:02]} Qc3# {[%emt 0:00:05]} 0-1

[Event "Deutscher Jugend Online Cup 2020"]
[Site "Tornelo"]
[Date "2020.11.14"]
[Round "2.2"]
[White "Wilmink, Anna"]
[Black "Braeutigam, Katerina"]
[Result "1-0"]
[WhiteElo "1550"]
[BlackElo "1737"]
[Annotator "NA RC"]
[PlyCount "45"]
[EventDate "2020.11.13"]
[EventType "k.o."]
[SourceTitle "playchess.com"]
[Source "ChessBase"]
[SourceQuality "1"]
[TimeControl "600+3"]

1. e4 {[%emt 0:00:00]} c6 {[%emt 0:00:05]} 2. Nf3 {[%emt 0:00:08]} d5 {[%emt 0:00:04]} 3. exd5 {[%emt 0:00:03]} cxd5 {[%emt 0:00:02]} 4. Ne5 {[%emt 0:00:01]} Nc6 {[%emt 0:00:04]} 5. f4 {[%emt 0:00:03]} Nf6 {[%emt 0:00:21]} 6. d4 {[%emt 0:00:15]} e6 {[%emt 0:00:09]} 7. c3 {[%emt 0:00:07]} Bd6 {[%emt 0:00:14]} 8. Nd2 {[%emt 0:00:07]} O-O {[%emt 0:00:14]} 9. Bd3 {[%emt 0:00:06]} Qc7 {[%emt 0:01:03]} 10. O-O {[%emt 0:00:05]} Rb8 {[%emt 0:00:42]} 11. Rf3 {[%emt 0:00:27]} b5 {[%emt 0:01:27]} 12. Rg3 {[%emt 0:00:58]} b4 {[%emt 0:03:24]} 13. Ng4 {[%emt 0:01:34]} Nxg4 {[%emt 0:00:48]} 14. Qxg4 {[%emt 0:00:07]} f5 {[%emt 0:00:02]} 15. Qh5 {[%emt 0:00:42]} Bxf4 {[%emt 0:00:45]} 16. Rh3 {[%emt 0:00:21]} g6 {[%emt 0:00:06]} 17. Qe2 {[%emt 0:00:25]} Nd8 {[%emt 0:00:32]} 18. Nf3 {[%emt 0:00:11]} bxc3 {[%emt 0:00:31]} 19. bxc3 {[%emt 0:00:17]} Bxc1 {[%emt 0:00:03]} 20. Rxc1 {[%emt 0:00:03]} Bd7 {[%emt 0:00:10]} 21. Ng5 {[%emt 0:00:17]} h5 {[%emt 0:00:10]} 22. Rg3 {[%emt 0:00:28]} Kh8 {[%emt 0:00:07]} 23. Nf3 {[%emt 0:00:11]} 1-0

[Event "Deutscher Jugend Online Cup 2020"]
[Site "Tornelo"]
[Date "2020.11.14"]
[Round "2.2"]
[White "B_____, L___"]
[Black "Buchinger, Alexis"]
[Result "0-1"]
[WhiteElo "1508"]
[BlackElo "1496"]
[Annotator "NA RC"]
[PlyCount "136"]
[EventDate "2020.11.13"]
[EventType "k.o."]
[SourceTitle "playchess.com"]
[Source "ChessBase"]
[SourceQuality "1"]
[TimeControl "600+3"]

1. d4 {[%emt 0:00:00]} Nf6 {[%emt 0:00:27]} 2. Nf3 {[%emt 0:00:03]} g6 {[%emt 0:00:10]} 3. c4 {[%emt 0:00:08]} Bg7 {[%emt 0:00:04]} 4. Nc3 {[%emt 0:00:02]} c5 {[%emt 0:00:07]} 5. d5 {[%emt 0:00:09]} d6 {[%emt 0:00:05]} 6. e4 {[%emt 0:00:07]} O-O {[%emt 0:00:04]} 7. Bd3 {[%emt 0:00:03]} a6 {[%emt 0:00:16]} 8. h3 {[%emt 0:00:04]} Bd7 {[%emt 0:00:10]} 9. Be3 {[%emt 0:00:08]} Be8 {[%emt 0:00:23]} 10. Qe2 {[%emt 0:00:06]} Nbd7 {[%emt 0:00:05]} 11. Rc1 {[%emt 0:00:07]} Rb8 {[%emt 0:00:12]} 12. O-O {[%emt 0:00:06]} b6 {[%emt 0:00:36]} 13. Rfd1 {[%emt 0:00:05]} e5 {[%emt 0:00:06]} 14. b3 {[%emt 0:00:11]} h5 {[%emt 0:00:20]} 15. Bg5 {[%emt 0:00:06]} Kh7 {[%emt 0:00:06]} 16. Qd2 {[%emt 0:00:15]} Qc7 {[%emt 0:00:07]} 17. a3 {[%emt 0:00:11]} Rb7 {[%emt 0:00:21]} 18. Rb1 {[%emt 0:00:10]} Nb8 {[%emt 0:00:05]} 19. Qe2 {[%emt 0:00:28]} Qd7 {[%emt 0:00:39]} 20. b4 {[%emt 0:00:34]} Ng8 {[%emt 0:00:32]} 21. Be3 {[%emt 0:02:00]} Nh6 {[%emt 0:00:23]} 22. Qb2 {[%emt 0:01:00]} cxb4 {[%emt 0:00:48]} 23. axb4 {[%emt 0:00:24]} f5 {[%emt 0:00:08]} 24. Ng5+ {[%emt 0:00:06]} Kg8 {[%emt 0:00:29]} 25. Ne6 {[%emt 0:00:06]} Rf7 {[%emt 0:00:46]} 26. Bg5 {[%emt 0:00:46]} Ra7 {[%emt 0:00:55]} 27. c5 {[%emt 0:00:13]} b5 {[%emt 0:00:23]} 28. c6 {[%emt 0:00:31]} Qc8 {[%emt 0:00:18]} 29. Be3 {[%emt 0:00:41]} Rae7 {[%emt 0:00:24]} 30. Bg5 {[%emt 0:00:11]} Rxe6 {[%emt 0:00:10]} 31. dxe6 {[%emt 0:00:02]} Qxe6 {[%emt 0:00:03]} 32. Bc2 {[%emt 0:00:26]} Nxc6 {[%emt 0:00:24]} 33. Bb3 {[%emt 0:00:05]} Qd7 {[%emt 0:00:32]} 34. Bxf7+ {[%emt 0:00:04]} Bxf7 {[%emt 0:00:02]} 35. Be3 {[%emt 0:00:23]} fxe4 {[%emt 0:00:07]} 36. Nxe4 {[%emt 0:00:06]} Nd4 {[%emt 0:00:04]} 37. Bxd4 {[%emt 0:00:21]} exd4 {[%emt 0:00:05]} 38. Rbc1 {[%emt 0:00:34]} d3 {[%emt 0:00:13]} 39. Nf6+ {[%emt 0:00:09]} Kh8 {[%emt 0:00:18]} 40. Nxd7 {[%emt 0:00:06]} Bxb2 {[%emt 0:00:02]} 41. Rc8+ {[%emt 0:00:02]} Kg7 {[%emt 0:00:08]} 42. Rxd3 {[%emt 0:00:14]} Nf5 {[%emt 0:00:02]} 43. Rc7 {[%emt 0:00:05]} Bc4 {[%emt 0:00:09]} 44. Rf3 {[%emt 0:00:05]} Kh6 {[%emt 0:00:06]} 45. g4 {[%emt 0:00:02]} hxg4 {[%emt 0:00:02]} 46. hxg4 {[%emt 0:00:02]} Nd4 {[%emt 0:00:04]} 47. Rh3+ {[%emt 0:00:04]} Kg5 {[%emt 0:00:01]} 48. f3 {[%emt 0:00:15]} Ne2+ {[%emt 0:00:05]} 49. Kf2 {[%emt 0:00:04]} Bd4+ {[%emt 0:00:04]} 50. Kg2 {[%emt 0:00:07]} Nf4+ {[%emt 0:00:02]} 51. Kg3 {[%emt 0:00:01]} Nxh3 {[%emt 0:00:05]} 52. Kxh3 {[%emt 0:00:01]} Bf2 {[%emt 0:00:03]} 53. Kg2 {[%emt 0:00:03]} Bd4 {[%emt 0:00:03]} 54. Nb8 {[%emt 0:00:07]} d5 {[%emt 0:00:05]} 55. Nxa6 {[%emt 0:00:06]} Kf4 {[%emt 0:00:02]} 56. Rf7+ {[%emt 0:00:02]} Ke3 {[%emt 0:00:03]} 57. Re7+ {[%emt 0:00:02]} Kd3 {[%emt 0:00:03]} 58. Re6 {[%emt 0:00:04]} Bc3 {[%emt 0:00:05]} 59. Rxg6 {[%emt 0:00:02]} Kc2 {[%emt 0:00:02]} 60. Rd6 {[%emt 0:00:03]} d4 {[%emt 0:00:01]} 61. Kf2 {[%emt 0:00:06]} d3 {[%emt 0:00:02]} 62. g5 {[%emt 0:00:03]} d2 {[%emt 0:00:02]} 63. g6 {[%emt 0:00:03]} Bd3 {[%emt 0:00:05]} 64. Re6 {[%emt 0:00:07]} d1=Q {[%emt 0:00:03]} 65. Kg3 {[%emt 0:00:02]} Qg1+ {[%emt 0:00:02]} 66. Kf4 {[%emt 0:00:01]} Qh2+ {[%emt 0:00:04]} 67. Kg5 {[%emt 0:00:03]} Qg3+ {[%emt 0:00:02]} 68. Kh6 {[%emt 0:00:01]} Qh4# {[%emt 0:00:02]} 0-1